书目信息 |
| 题名: |
名家走书城
|
|
| 作者: | 伍杰 著 | |
| 分册: | ||
| 出版信息: | 北京 人民出版社 2005 |
|
| 页数: | 261页 | |
| 开本: | 21cm | |
| 丛书名: | ||
| 单 册: | ||
| 中图分类: | G256.4 | |
| 科图分类: | ||
| 主题词: | 书评--研究--中国 | |
| 电子资源: | ||
| ISBN: | 7-01-005297-2 | |
| 000 | 00969nam0 2200289 450 | |
| 000 | 00932nam0 2200277 450 | |
| 000 | 00902nam0 2200277 450 | |
| 000 | 00848nam0 2200253 450 | |
| 000 | 00866nam0 2200241 450 | |
| 000 | 00829nam0 2200229 45 | |
| 005 | 20070115154844.78 | |
| 010 | @a7-01-005297-2@dCNY20.00 | |
| 100 | @a20060829d2005 ekmy0chiy0120 ea | |
| 101 | 0 | @achi |
| 102 | @aCN@b110000 | |
| 105 | @ay z 000yy | |
| 200 | 1 | @a名家走书城@AMing Jia Zou Shu Cheng@f伍杰著@FWu Jie Zhu |
| 210 | @a北京@c人民出版社@d2005 | |
| 215 | @a261页@d21cm | |
| 330 | @a这本书介绍了31位在书海行走的经历,他们的足迹有深有浅,有大有小,有正有偏,有前有后,但总是朝着一个明媚的方向前进着. | |
| 606 | 0 | @a书评@x研究@y中国 |
| 690 | @aG256.4@v4 | |
| 701 | 0 | @a伍杰@AWu Jie@4著 |
| 801 | 0 | @aCN@b中图数据@c20070115 |
| 905 | @a10447@dG256.4@e72 | |
| 名家走书城/伍杰著.-北京:人民出版社,2005 |
| 261页;21cm |
| ISBN 7-01-005297-2:CNY20.00 |
| 这本书介绍了31位在书海行走的经历,他们的足迹有深有浅,有大有小,有正有偏,有前有后,但总是朝着一个明媚的方向前进着. |
| ● |
| 相关链接 |
|
|
|
|
正题名:名家走书城
索取号:G256.4/72
 
预约/预借
| 序号 | 登录号 | 条形码 | 馆藏地/架位号 | 状态 | 备注 |
| 1 | 0612609 | 206126093 | 第一样本阅览室/ [索取号:G256.4/72] | 在馆 | |
| 2 | 0612610 | 206126100 | 第四借阅区/ [索取号:G256.4/72] | 在馆 | |
| 3 | 0612611 | 206126119 | 第四借阅区/ [索取号:G256.4/72] | 在馆 | |
| 4 | 0612612 | 206126128 | 第四借阅区/ [索取号:G256.4/72] | 在馆 | |
| 5 | 0612613 | 206126137 | 第四借阅区/ [索取号:G256.4/72] | 在馆 |